| 000 | 00559nam a2200205Ia 4500 | ||
|---|---|---|---|
| 003 | OSt | ||
| 005 | 20220925211327.0 | ||
| 006 | a|||||r|||| 00| 0 | ||
| 007 | ta | ||
| 008 | 220923b |||||||| |||| 00| 0 eng d | ||
| 037 | _cGeneral Book | ||
| 040 |
_aRTL _cRTL _beng |
||
| 041 |
_2eng _aeng |
||
| 082 | _aX5.2.N61t, K2 | ||
| 245 | 0 |
_aUpper India Chamber of Commerce _b Annual report (1961) |
|
| 260 |
_aKanpur _bStar Press _c1962 |
||
| 300 |
_aiv; 191p. _ccm. |
||
| 942 |
_hX5.2.N61t, K2 _cGB _2CC |
||
| 999 |
_c557354 _d557354 |
||